000 00304nam a22001337a 4500
008 260326b ||||| |||| 00| 0 eng d
020 _a995105028
041 _aShqip
080 _a821.18
100 _a25
101 _aHistori
245 _aLuftëtarët Vriten në Paqe
_cFaruk Myrta
942 _2udc
_cBK
999 _c60942
_d60942